<?xml version="1.0" encoding="UTF-8"?>
<record
    xmlns:xsi="http://www.w3.org/2001/XMLSchema-instance"
    xsi:schemaLocation="http://www.loc.gov/MARC21/slim http://www.loc.gov/standards/marcxml/schema/MARC21slim.xsd"
    xmlns="http://www.loc.gov/MARC21/slim">

  <leader>00515    a2200133   4500</leader>
  <datafield tag="082" ind1=" " ind2=" ">
    <subfield code="a">004</subfield>
  </datafield>
  <datafield tag="100" ind1=" " ind2=" ">
    <subfield code="a">Uzair Ahmad</subfield>
    <subfield code="9">103660</subfield>
  </datafield>
  <datafield tag="245" ind1=" " ind2=" ">
    <subfield code="a">Automation of NUST examination system for medical science</subfield>
    <subfield code="c">Uzair Ahmad</subfield>
  </datafield>
  <datafield tag="260" ind1=" " ind2=" ">
    <subfield code="a">Islamabad :</subfield>
    <subfield code="b">NUST School of Electrical Engineering &amp; Computer Science,</subfield>
    <subfield code="c">2000.</subfield>
  </datafield>
  <datafield tag="300" ind1=" " ind2=" ">
    <subfield code="a">ix, 50 p. :</subfield>
    <subfield code="b">ill. ;</subfield>
    <subfield code="c">27 cm. +</subfield>
    <subfield code="e">CD-ROM</subfield>
  </datafield>
  <datafield tag="500" ind1=" " ind2=" ">
    <subfield code="a">Supervisors : Dr. Arshad Ali, Mr. Nabeel Zubair.</subfield>
  </datafield>
  <datafield tag="856" ind1=" " ind2=" ">
    <subfield code="u">http://10.250.8.41:8080/xmlui/handle/123456789/31464</subfield>
  </datafield>
  <datafield tag="942" ind1=" " ind2=" ">
    <subfield code="c">PR</subfield>
    <subfield code="k">PGDIT-2 UZA</subfield>
    <subfield code="2">ddc</subfield>
  </datafield>
  <datafield tag="999" ind1=" " ind2=" ">
    <subfield code="c">9940</subfield>
    <subfield code="d">9940</subfield>
  </datafield>
  <datafield tag="952" ind1=" " ind2=" ">
    <subfield code="0">0</subfield>
    <subfield code="1">0</subfield>
    <subfield code="2">ddc</subfield>
    <subfield code="4">0</subfield>
    <subfield code="7">0</subfield>
    <subfield code="a">CL</subfield>
    <subfield code="b">CL</subfield>
    <subfield code="d">2024-08-07</subfield>
    <subfield code="o">PGDIT-2 UZA</subfield>
    <subfield code="p">SEECSP00443</subfield>
    <subfield code="r">2012-11-14</subfield>
    <subfield code="w">2012-11-14</subfield>
    <subfield code="y">PR</subfield>
  </datafield>
  <datafield tag="952" ind1=" " ind2=" ">
    <subfield code="0">0</subfield>
    <subfield code="1">0</subfield>
    <subfield code="2">ddc</subfield>
    <subfield code="4">0</subfield>
    <subfield code="7">0</subfield>
    <subfield code="a">CL</subfield>
    <subfield code="b">CL</subfield>
    <subfield code="c">THE</subfield>
    <subfield code="d">2019-09-01</subfield>
    <subfield code="o">004</subfield>
    <subfield code="p">CL-T-3250</subfield>
    <subfield code="r">2019-09-01</subfield>
    <subfield code="w">2019-09-01</subfield>
    <subfield code="y">THE</subfield>
  </datafield>
</record>
